000 01040pam a2200301 a 4500
001 1087263
003 NUST - PNEC
005 20170116181057.0
008 920417s1993 nyua 001 0 eng
010 _a 92015455
020 _a0827352522
040 _aDLC
_cLIBRARY
_dDLC
050 0 0 _aTK2851
_b.H47 1993
082 0 0 _a621.46 HER
100 1 _aHerman, Stephen L.
245 1 0 _aIndustrial motor control /
_cStephen L. Herman, Walter N. Alerich
250 _a3rd ed.
260 _aAlbany, N.Y. :
_bDelmar Publishers,
_cc1993.
300 _axiv, 448 p. ;
_bill. ;
_c25 cm.
500 _aIncludes index.
650 0 _aElectric controllers.
650 0 _aElectric motors.
_xEE
700 1 _aAlerich, Walter N.
856 4 2 _3Contributor biographical information
_uhttp://www.loc.gov/catdir/enhancements/fy1513/92015455-b.html
906 _a7
_bcbc
_corignew
_d1
_eocip
_f19
_gy-gencatlg
942 _2ddc
_cBK
999 _c68606
_d68606